| 000 | 00494nam a2200169 i 4500 | ||
|---|---|---|---|
| 001 | 59041 | ||
| 003 | ES-MaACL | ||
| 005 | 20230906163940.0 | ||
| 007 | t| | ||
| 008 | 031027s1933 xxu ||||1| eng d | ||
| 100 | 1 |
_aEdgar, Pelham. _946635 |
|
| 245 | 1 | 4 |
_aThe art of the novel _b: from 1700 to present time / _cPelham Edgar. |
| 260 |
_aNew York : _bMacmillan and Cº, _c1933. |
||
| 300 |
_aVII, 491 p. ; _c22 cm. |
||
| 650 | 4 |
_aNovela- _xTeoría y técnica. _915606 |
|
| 852 |
_aES-MaACL _jA-2817 |
||
| 999 |
_c59041 _d59041 |
||